Largest cities of the Middle East on a Map - Statistics

General Stats
  • This quiz has been taken 818 times
  • The average score is 25 of 30
Answers on the Map
Answers color-coded by a green-red scale on the quiz's map according to % correct below.
 
Answer Stats
Population Answer % Correct
21,000,000 Cairo
99%
16,000,000 Istanbul
99%
15,300,000 Tehran
99%
5,050,000 Ankara
98%
5,350,000 Dubai
98%
5,800,000 Alexandria
96%
7,000,000 Baghdad
96%
8,050,000 Riyadh
95%
1,500,000 Abu Dhabi
94%
3,825,000 Damascus
94%
4,750,000 Kuwait City
94%
2,700,000 Tel Aviv
94%
5,600,000 Amman
93%
2,425,000 Doha
91%
1,750,000 Beirut
90%
2,125,000 Mecca
89%
4,950,000 Jeddah
88%
2,800,000 Sana'a
88%
3,025,000 Izmir
86%
1,910,000 Aleppo
81%
1,540,000 Medina
79%
1,530,000 Manama
78%
3,200,000 Isfahan
65%
1,520,000 Basra
60%
3,200,000 Mashhad
59%
2,075,000 Bursa
57%
2,500,000 Dammam
52%
1,820,000 Tabriz
50%
1,670,000 Gaziantep
49%
1,740,000 Adana
48%
No matching quizzes found
Score Distribution
Percent of People with Each Score
Percentile by Number Answered
Your Score History
You have not taken this quiz